000 00300nam a22001337a 4500
008 170927b xxu||||| |||| 00| 0 eng d
020 _a0393959538
041 _aeng
080 _23RD
_a37
100 _a46
101 _aEDU
245 _aWRITING A COLLEGE HANDBOOK
_cHEFFERNAN,J.A
942 _2udc
_cBK
999 _c30161
_d30161